| 000 | 00730pam a2200253 a 4500 | ||
|---|---|---|---|
| 001 | 480504 | ||
| 003 | PILC | ||
| 005 | 20150525143859.0 | ||
| 008 | 841030s1985 mau b 000 0 eng | ||
| 010 | _a 84024568 | ||
| 020 | _a9710852175 | ||
| 040 |
_aDLC _cDLC _dDLC |
||
| 050 | 0 | 0 |
_aHB 171 _b.P69 1985 |
| 082 | 0 | 0 | _a330/.024658 |
| 100 | 1 | _aPool, John Charles. | |
| 245 | 1 | 4 |
_aThe instant economist / _cJohn Charles Pool, Ross M. LaRoe. |
| 260 |
_aReading, Mass. : _bAddison-Wesley Pub. Co., _c1985. |
||
| 300 |
_a120 pages : _billustrations ; _c22 cm. |
||
| 504 | _aBibliography: p. 120. | ||
| 650 | 0 | _aEconomics. | |
| 700 | 1 | _aLaRoe, Ross M. | |
| 906 |
_a7 _bcbc _corignew _d1 _eocip _f19 _gy-gencatlg |
||
| 942 |
_2lcc _cBK |
||
| 999 |
_c284357 _d284357 |
||